Histoire du Phylloxera précédée de considerations générales sur les pucerons et suivie de la liste de personnes qui se sont occupées del aquestion phylloxera / (Record no. 157721)

MARC details
000 -LEADER
campo de control de longitud fija 00774nam a2200169 i 4500
001 - NÚMERO DE CONTROL
campo de control 157721
003 - IDENTIFICADOR DE NÚMERO DE CONTROL
campo de control ES-MaACL
005 - FECHA Y HORA DE LA ÚLTIMA TRANSACCIÓN
campo de control 20230906210826.0
008 - DATOS DE LONGITUD FIJA--INFORMACIÓN GENERAL
campo de control de longitud fija 990315s1878 fr |||| | fre d
040 ## - FUENTE DE CATALOGACIÓN
Centro catalogador/agencia de origen CCPB | B
Lengua de catalogación spa
Centro/agencia transcriptor CCPB | B
100 1# - ENTRADA PRINCIPAL--NOMBRE DE PERSONA
Nombre de persona Lichtenstein, Jules.
9 (RLIN) 128943
245 10 - MENCIÓN DEL TÍTULO
Título Histoire du Phylloxera précédée de considerations générales sur les pucerons et suivie de la liste de personnes qui se sont occupées del aquestion phylloxera /
Mención de responsabilidad, etc. par J. Lichtenstein.
260 ## - PUBLICACIÓN, DISTRIBUCIÓN, ETC.
Lugar de publicación, distribución, etc. Montpellier :
Nombre del editor, distribuidor, etc. Chez C. Coulet ;
Lugar de publicación, distribución, etc. Paris :
Nombre del editor, distribuidor, etc. Chez J. -B- Baillière & Fils,
Fecha de publicación, distribución, etc. 1878.
300 ## - DESCRIPCIÓN FÍSICA
Extensión 39 p., V h. de lám. ;
Dimensiones 25 cm.
650 #4 - PUNTO DE ACCESO ADICIONAL DE MATERIA--TÉRMINO DE MATERIA
Término de materia o nombre geográfico como elemento de entrada Filoxera-
Subdivisión general Historia.
9 (RLIN) 136119
852 ## - LOCALIZACIÓN
Ubicación ES-MaACL
Número de control de estantería T-670-F-4
Nota libre -- Enc. hol. conservando la cub. original
-- -- Enc. en un vol. facticio
Holdings
Estatus retirado Estado de pérdida Estado de daño No para préstamo Colección Biblioteca de origen Biblioteca actual Ubicación en estantería Fecha de adquisición Total de préstamos Signatura topográfica completa Código de barras Visto por última vez Precio de reemplazo Tipo de ítem Koha
        Colección de folletos Biblioteca del Ateneo de Madrid Biblioteca del Ateneo de Madrid Depósito folletos 17/01/2008   T-670-F-4 1165054 23/02/2023 23/02/2023 Folleto